[Event "X Torneo Leonardo di Bona B"]
[Site "Cutro ITA"]
[Date "2004.04.27"]
[Round "3"]
[White "Zavaglia, Giuseppe"]
[Black "Rotunno, Giuseppe"]
[Result "0-1"]
[WhiteElo "1700"]
[BlackElo "1946"]
[PlyCount "118"]
[EventDate "2004.04.25"]

1. e4 c5 2. Nf3 Nc6 3. d4 cxd4 4. Nxd4 d6 5. c4 Nf6 6. Nc3 g6 7. Be2 Bg7 8. Be3
O-O 9. O-O Bd7 10. Rc1 Nxd4 11. Bxd4 Bc6 12. Bf3 Nd7 13. Bxg7 Kxg7 14. Qd4+ Kg8
15. Rfd1 a5 16. b3 Nc5 17. Rc2 Ne6 18. Qe3 Qb8 19. Nd5 Re8 20. Nc3 Qa7 21. Qxa7
Rxa7 22. Nd5 Raa8 23. Bg4 Rab8 24. Bxe6 fxe6 25. Nc7 Rec8 26. Nxe6 Bxe4 27. Re2
Bf5 28. Nd4 Kf7 29. Rde1 Rc7 30. h3 Re8 31. Nb5 Rcc8 32. g4 Bd7 33. Nd4 a4 34.
Ne6 h6 35. f4 b5 36. cxb5 Bxb5 37. Rf2 Rc3 38. Nd4 Bd7 39. Kh2 Rd3 40. Nf3 axb3
41. axb3 Rxb3 42. Rc1 Reb8 43. Rc7 R8b7 44. Rxb7 Rxb7 45. Nh4 Rb3 46. Rf3 Rb2+
47. Kg3 Bc6 48. Rc3 Bb7 49. Nf3 Be4 50. h4 d5 51. g5 Bxf3 52. Rxf3 h5 53. f5
Rb4 54. fxg6+ Kxg6 55. Rf4 Rb6 56. Rd4 e6 57. Kf4 Rb1 58. Ke5 Re1+ 59. Kf4 e5+
0-1

[Event "X Torneo Leonardo di Bona B"]
[Site "Cutro ITA"]
[Date "2004.04.28"]
[Round "4"]
[White "Anastasio, Giovanni"]
[Black "Tassone, Francesco"]
[Result "1-0"]
[WhiteElo "1640"]
[BlackElo "1592"]
[PlyCount "84"]
[EventDate "2004.04.25"]

1. d4 d5 2. e3 Nf6 3. c4 Bg4 4. Nf3 e6 5. a3 Be7 6. Nbd2 Nbd7 7. Be2 O-O 8. O-O
dxc4 9. Bxc4 Nb6 10. Bd3 c5 11. Qb3 Rc8 12. dxc5 Bxc5 13. Ne5 Bh5 14. Ndf3 Bd6
15. Bd2 Qc7 16. Bc3 Nbd7 17. Nxd7 Nxd7 18. Be4 b6 19. g3 Nf6 20. Bxf6 gxf6 21.
Nd4 f5 22. Bg2 Qe7 23. Nc6 Qc7 24. Rac1 Qd7 25. Rc3 Rc7 26. Rfc1 Rfc8 27. Qa4
e5 28. Qh4 Bg6 29. Qa4 e4 30. Bf1 f6 31. Ba6 Rf8 32. Bb5 Be8 33. Qc2 Qg7 34.
Bc4+ Bf7 35. Bxf7+ Rfxf7 36. Nd4 Rc5 37. Rxc5 bxc5 38. Ne6 Qh6 39. Qa4 Re7 40.
Qc6 Rxe6 41. Qc8+ Qf8 42. Qxe6+ Kh8 1-0

[Event "X Torneo Leonardo di Bona B"]
[Site "Cutro ITA"]
[Date "2004.04.28"]
[Round "4"]
[White "Benintende, Vittorio"]
[Black "Liistro, Giovanni Carlo"]
[Result "0-1"]
[WhiteElo "1580"]
[BlackElo "1718"]
[PlyCount "52"]
[EventDate "2004.04.25"]

1. e4 e5 2. Nf3 Nc6 3. Bb5 a6 4. Ba4 Nf6 5. O-O Be7 6. Re1 b5 7. Bb3 O-O 8. d4
exd4 9. Nxd4 Nxd4 10. Qxd4 c5 11. Qc3 c4 12. Qf3 Bb7 13. Bxc4 bxc4 14. Nc3 Re8
15. Qd1 Bb4 16. f3 d5 17. Re2 Bxc3 18. bxc3 dxe4 19. Bg5 exf3 20. Rxe8+ Qxe8
21. gxf3 Rd8 22. Qf1 Qc6 23. Kg2 h6 24. Bf4 g5 25. Be3 Ng4 26. Qe2 Re8 0-1

[Event "X Torneo Leonardo di Bona B"]
[Site "Cutro ITA"]
[Date "2004.04.28"]
[Round "4"]
[White "Catapano, Francesco"]
[Black "Frontera, Giuseppe"]
[Result "0-1"]
[WhiteElo "1805"]
[BlackElo "1835"]
[PlyCount "172"]
[EventDate "2004.04.25"]

1. e4 c5 2. Nc3 d6 3. f4 e6 4. Nf3 Nf6 5. Bc4 Be7 6. d3 Nc6 7. O-O a6 8. a4 O-O
9. Qe1 Nd7 10. Qg3 Nb6 11. Bb3 Na5 12. Ba2 Kh8 13. f5 exf5 14. Bg5 Be6 15. Bxe7
Qxe7 16. Bxe6 fxe6 17. Rae1 f4 18. Qh3 Rf7 19. e5 d5 20. Ne2 Raf8 21. Rf2 Nc6
22. Ref1 Nxa4 23. Nh4 Kg8 24. Nxf4 Nxe5 25. Nxe6 Rxf2 26. Rxf2 Rxf2 27. Kxf2
Qf6+ 28. Ke2 Nd7 29. Nf3 Nab6 30. c3 Qe7 31. Kd2 Nf6 32. Nf4 Qd7 33. Qe6+ Qxe6
34. Nxe6 Nbd7 35. Nfg5 h6 36. Nf3 b6 37. Nf4 Kf7 38. h3 g5 39. Ne2 Ke6 40. g4
Ne5 41. Ne1 Ng6 42. Nf3 Ne5 43. Ne1 Ng6 44. Nf3 Kd6 45. Ng3 Ne7 46. Kc2 Nd7 47.
h4 gxh4 48. Nxh4 Ke5 49. Ne2 Kf6 50. Nf3 Ne5 51. Neg1 Nxg4 52. Ne2 Ne5 53. Nfg1
Kg5 54. d4 N5g6 55. dxc5 bxc5 56. b4 cxb4 57. cxb4 Nc6 58. b5 axb5 59. Nc3 Nce7
60. Nxb5 Nf4 61. Nd4 h5 62. Kd2 Kg4 63. Ke1 h4 64. Kf2 Nh3+ 65. Nxh3 Kxh3 66.
Kg1 Kg3 67. Ne2+ Kf3 68. Kf1 h3 69. Ng1+ Kg3 70. Ne2+ Kg4 71. Nc3 d4 72. Ne2 d3
73. Nc3 Kf3 74. Kg1 Ng6 75. Kh2 Nf4 76. Nd1 d2 77. Nc3 Ke3 78. Nd1+ Kd3 79. Kg3
Ke2 80. Nc3+ Ke1 81. Kh2 d1=Q 82. Nxd1 Kxd1 83. Kg3 Ke2 84. Kh2 Kf3 85. Kh1 Kg3
86. Kg1 Nd3 0-1

[Event "X Torneo Leonardo di Bona B"]
[Site "Cutro ITA"]
[Date "2004.04.28"]
[Round "4"]
[White "Grano, Giuseppe"]
[Black "Longo, Giuseppe"]
[Result "0-1"]
[WhiteElo "1712"]
[BlackElo "1619"]
[PlyCount "126"]
[EventDate "2004.04.25"]

1. Nf3 c6 2. d4 d5 3. e3 Bf5 4. Bd3 Bxd3 5. Qxd3 e6 6. Nbd2 Nf6 7. O-O Nbd7 8.
e4 dxe4 9. Nxe4 Nxe4 10. Qxe4 Nf6 11. Qh4 Be7 12. Bg5 h6 13. Rad1 Nd5 14. Bxe7
Qxe7 15. Qg4 O-O 16. c4 Nf6 17. Qf4 Rad8 18. Rfe1 Qd6 19. Re5 Nd7 20. Re4 Qxf4
21. Rxf4 Nf6 22. Ne5 Nd7 23. Nf3 Rfe8 24. h3 f5 25. h4 Nf6 26. Ne5 c5 27. g4
Nxg4 28. Nxg4 fxg4 29. Rxg4 Rd6 30. Re4 Red8 31. Rde1 cxd4 32. c5 Rc6 33. b4 d3
34. Rd1 Ra6 35. Re3 d2 36. a3 Kf7 37. Kf1 Rc6 38. Ke2 b6 39. cxb6 axb6 40. Rxd2
Rxd2+ 41. Kxd2 Rc4 42. Rh3 Rf4 43. f3 e5 44. Kc3 b5 45. Kb3 Rd4 46. Kc3 Kf6 47.
h5 Rf4 48. Kd3 Rc4 49. Rg3 Rh4 50. Rg6+ Kf7 51. Rb6 Rxh5 52. Rxb5 e4+ 53. Kxe4
Rxb5 54. Kf4 g5+ 55. Kg4 Kg6 56. f4 gxf4 57. Kxf4 h5 58. Kg3 Kg5 59. Kh3 h4 60.
Kg2 Kg4 61. Kh2 h3 62. Kg1 Kg3 63. Kh1 Re5 0-1

[Event "X Torneo Leonardo di Bona B"]
[Site "Cutro ITA"]
[Date "2004.04.28"]
[Round "4"]
[White "Guzzo, Giovanni"]
[Black "Barbuto, Sergio"]
[Result "1/2-1/2"]
[WhiteElo "1756"]
[BlackElo "1808"]
[PlyCount "76"]
[EventDate "2004.04.25"]

1. e4 c6 2. d4 d5 3. Nc3 dxe4 4. Nxe4 Nd7 5. Nf3 Ngf6 6. Bd3 Nxe4 7. Bxe4 Nf6
8. Bd3 Bg4 9. c3 Qd5 10. Be3 Bxf3 11. gxf3 e6 12. Qe2 Be7 13. Bc4 Qd6 14. O-O-O
b5 15. Bb3 a5 16. h4 g6 17. Bh6 a4 18. Bc2 b4 19. c4 b3 20. axb3 a3 21. bxa3
Qxa3+ 22. Kd2 Bb4+ 23. Ke3 Rd8 24. Bg7 Ke7 25. Bxh8 Rxh8 26. Ra1 Qb2 27. Ra7+
Nd7 28. Rha1 c5 29. Qd3 Kf6 30. Rb1 Qxd4+ 31. Qxd4+ cxd4+ 32. Ke2 Nc5 33. Bd3
Rd8 34. Rd1 Bc3 35. Rc7 Bb4 36. Ra7 Bc3 37. Rc7 Na6 38. Ra7 Nb4 1/2-1/2

[Event "X Torneo Leonardo di Bona B"]
[Site "Cutro ITA"]
[Date "2004.04.28"]
[Round "4"]
[White "Ielapi, Vito"]
[Black "Morelli, Gaetano"]
[Result "0-1"]
[WhiteElo "1842"]
[BlackElo "1816"]
[PlyCount "68"]
[EventDate "2004.04.25"]

1. e4 e5 2. Nf3 Nc6 3. Bb5 a6 4. Ba4 Nf6 5. O-O d6 6. Re1 Be7 7. c3 O-O 8. h3
h6 9. d4 b5 10. Bc2 Nh7 11. a4 Rb8 12. axb5 Rxb5 13. Bd3 Rb8 14. d5 Na7 15.
Bxa6 c5 16. dxc6 Nxc6 17. Bxc8 Qxc8 18. Nbd2 f5 19. exf5 Qxf5 20. Ne4 Qe6 21.
Qe2 d5 22. Ng3 e4 23. Ra6 Qc8 24. Nd4 Ne5 25. Ra5 Nd3 26. Rf1 Bg5 27. Bxg5 Nxg5
28. Ngf5 Rxf5 29. Nxf5 Qxf5 30. b4 Nf3+ 31. Kh1 Qe5 32. gxf3 Qh5 33. Kh2 Nf4
34. Rxd5 Qxh3+ 0-1

[Event "X Torneo Leonardo di Bona B"]
[Site "Cutro ITA"]
[Date "2004.04.28"]
[Round "4"]
[White "Macri', Giuseppe"]
[Black "Di Mauro, Sebastiano"]
[Result "0-1"]
[WhiteElo "1563"]
[BlackElo "1802"]
[PlyCount "24"]
[EventDate "2004.04.25"]

1. d4 Nf6 2. c4 g6 3. Nc3 d5 4. Nf3 Bg7 5. cxd5 Nxd5 6. e4 Nxc3 7. bxc3 O-O 8.
h3 c5 9. Rb1 Qa5 10. Qb3 cxd4 11. Bd2 dxc3 12. Bc1 c2+ 0-1

[Event "X Torneo Leonardo di Bona B"]
[Site "Cutro ITA"]
[Date "2004.04.28"]
[Round "4"]
[White "Olivo, Paolo"]
[Black "Zavaglia, Giuseppe"]
[Result "1-0"]
[WhiteElo "1649"]
[BlackElo "1700"]
[PlyCount "77"]
[EventDate "2004.04.25"]

1. e4 c5 2. Nf3 d6 3. d4 cxd4 4. Nxd4 Nf6 5. Nc3 a6 6. Be2 e5 7. Nb3 Be6 8. Bg5
Be7 9. Nd5 Nxd5 10. exd5 Bf5 11. Be3 Nd7 12. Qd2 O-O 13. O-O Nf6 14. Na5 Qd7
15. Nc4 Bd8 16. h3 h5 17. Bg5 Ne4 18. Qb4 Nxg5 19. Bxh5 g6 20. Be2 Kg7 21. Qxd6
Qxd6 22. Nxd6 Bxc2 23. Rac1 Be4 24. h4 Be7 25. Nxb7 Nh7 26. Rfd1 Bxh4 27. Nc5
Bf5 28. d6 Bg5 29. Rc3 Nf6 30. Bf3 e4 31. Be2 Nd7 32. g4 Nxc5 33. Rxc5 Bxg4 34.
Bxg4 f5 35. Be2 Bf4 36. d7 Rfd8 37. Rc6 Ra7 38. Rc8 Raxd7 39. Rxd8 1-0

[Event "X Torneo Leonardo di Bona B"]
[Site "Cutro ITA"]
[Date "2004.04.28"]
[Round "4"]
[White "Paragliola, Gennaro"]
[Black "Amodei, Diego"]
[Result "1/2-1/2"]
[WhiteElo "1643"]
[BlackElo "1643"]
[PlyCount "75"]
[EventDate "2004.04.25"]

1. d4 e6 2. c4 b6 3. Nc3 Bb7 4. Nf3 Nf6 5. Bg5 Be7 6. e3 O-O 7. Bd3 d6 8. Qc2
Nbd7 9. e4 e5 10. d5 Nc5 11. b4 Nxd3+ 12. Qxd3 a5 13. b5 Bc8 14. h3 Nd7 15. Be3
Kh8 16. O-O Rg8 17. Nh2 Bg5 18. f4 Bxf4 19. Bxf4 exf4 20. Rxf4 Ne5 21. Qe2 Qg5
22. Raf1 Bxh3 23. Kh1 Bd7 24. R4f2 Qg3 25. Nd1 Ng4 26. Nxg4 Bxg4 27. Qe3 Qh4+
28. Kg1 Bxd1 29. Rxd1 f6 30. Rdf1 Rae8 31. Rf4 Qh6 32. Qg3 Re5 33. Rh4 Rh5 34.
Rff4 Rxh4 35. Rxh4 Qc1+ 36. Kh2 Re8 37. Qg6 Qf4+ 38. Kg1 1/2-1/2

[Event "X Torneo Leonardo di Bona B"]
[Site "Cutro ITA"]
[Date "2004.04.28"]
[Round "4"]
[White "Todic, Simo"]
[Black "Forlano, Luigi"]
[Result "0-1"]
[WhiteElo "1811"]
[BlackElo "1924"]
[PlyCount "76"]
[EventDate "2004.04.25"]

1. e4 Nf6 2. e5 Nd5 3. d4 d6 4. c4 Nb6 5. exd6 cxd6 6. Nc3 g6 7. Nf3 Bg7 8. Be3
O-O 9. Be2 Nc6 10. O-O Bg4 11. h3 Bxf3 12. Bxf3 Nxc4 13. Qb3 Nxe3 14. fxe3 Qd7
15. Rf2 Rac8 16. Bg4 e6 17. d5 Nd8 18. Rd1 Bxc3 19. bxc3 f5 20. Bf3 e5 21. e4
Nf7 22. exf5 gxf5 23. Qa3 b6 24. Qb4 Qe7 25. a4 Rc5 26. Be2 Ng5 27. Bd3 e4 28.
Bb5 Qg7 29. Kh2 Qe5+ 30. Kh1 Rxc3 31. h4 e3 32. Rf4 Ne4 33. Qd4 Nf2+ 34. Rxf2
Qxd4 35. Rxd4 exf2 36. Rf4 Rc2 37. Kh2 Kg7 38. g3 f1=Q+ 0-1

[Event "X Torneo Leonardo di Bona B"]
[Site "Cutro ITA"]
[Date "2004.04.28"]
[Round "4"]
[White "Virelli, Salvatore"]
[Black "Procopio, Giuseppe"]
[Result "0-1"]
[WhiteElo "1440"]
[BlackElo "1559"]
[PlyCount "64"]
[EventDate "2004.04.25"]

1. e4 c5 2. Nf3 d5 3. d4 cxd4 4. Nxd4 Nf6 5. Nc3 Nc6 6. Bb5 Bd7 7. Bg5 e6 8. f4
Be7 9. Qd2 a6 10. Bxf6 Bxf6 11. Nxc6 bxc6 12. Ba4 Qa5 13. Bb3 Be7 14. O-O-O O-O
15. Nxd5 Qxd2+ 16. Rxd2 cxd5 17. exd5 exd5 18. Bxd5 Rab8 19. Kb1 a5 20. Re1 Bf6
21. b3 Bc3 22. Rde2 Bxe1 23. Rxe1 a4 24. h3 a3 25. g4 Rfe8 26. Rd1 Re3 27. Rh1
Rbe8 28. Rc1 Re1 29. c4 h5 30. f5 hxg4 31. hxg4 R8e2 32. Rxe1 Rxe1+ 0-1

[Event "X Torneo Leonardo di Bona B"]
[Site "Cutro ITA"]
[Date "2004.04.29"]
[Round "5"]
[White "Amodei, Diego"]
[Black "Grano, Giuseppe"]
[Result "1/2-1/2"]
[WhiteElo "1643"]
[BlackElo "1712"]
[PlyCount "105"]
[EventDate "2004.04.25"]

1. d4 Nf6 2. c4 d5 3. Nc3 c6 4. Bg5 e6 5. cxd5 cxd5 6. e3 Nbd7 7. Bd3 Bd6 8.
Nf3 O-O 9. O-O a6 10. Qc2 Qc7 11. Rfc1 h6 12. Bh4 Re8 13. Ne2 Qb6 14. Rab1 e5
15. dxe5 Bxe5 16. Nxe5 Nxe5 17. Nd4 Nxd3 18. Qxd3 Bd7 19. Bxf6 Qxf6 20. Rc7 Bc6
21. Qf5 Qxf5 22. Nxf5 Kf8 23. Rc1 Rac8 24. Rxc8 Rxc8 25. Nd4 g6 26. Kf1 Ke7 27.
Ke2 Kd6 28. Kd2 Re8 29. Rc3 h5 30. h4 f6 31. a3 Re4 32. g3 Bd7 33. Rb3 b5 34.
a4 Kc5 35. axb5 Bxb5 36. Rc3+ Kd6 37. Rc8 Re8 38. Rxe8 Bxe8 39. Kc3 a5 40. Nb3
a4 41. Nd4 Bd7 42. Kb4 Ke5 43. f3 g5 44. Nc2 gxh4 45. gxh4 f5 46. Kc3 f4 47.
Kd2 fxe3+ 48. Kxe3 Bc8 49. Nd4 Bd7 50. f4+ Kd6 51. Ne2 Kc5 52. Nd4 Kd6 53. Kd2
1/2-1/2

[Event "X Torneo Leonardo di Bona B"]
[Site "Cutro ITA"]
[Date "2004.04.29"]
[Round "5"]
[White "Barbuto, Sergio"]
[Black "Olivo, Gaetano"]
[Result "1-0"]
[WhiteElo "1808"]
[BlackElo "1598"]
[PlyCount "125"]
[EventDate "2004.04.25"]

1. e4 e6 2. d4 d5 3. exd5 exd5 4. Nf3 Nf6 5. Bg5 Be7 6. Bd3 Bg4 7. O-O O-O 8.
Nbd2 Nbd7 9. c3 c6 10. Qc2 h6 11. Bh4 Nh5 12. Bxe7 Qxe7 13. Rae1 Qd6 14. Ne5
Be6 15. f4 Nxe5 16. fxe5 Qd7 17. Rf2 f5 18. Be2 Qe8 19. Qd1 Bf7 20. Rxf5 g5 21.
Rxf7 Nf4 22. Rxf8+ Qxf8 23. Rf1 Qe7 24. Rf2 c5 25. Nf1 Rf8 26. Ng3 Qf7 27. Qf1
cxd4 28. cxd4 Qc7 29. Kh1 Qb6 30. Nh5 Qxd4 31. Nxf4 gxf4 32. e6 Rf6 33. Bg4 Kf8
34. Qe1 Ke7 35. a3 Rg6 36. h3 h5 37. Bxh5 Rxe6 38. Re2 Rxe2 39. Qxe2+ Kd6 40.
Bg4 a6 41. Qe6+ Kc7 42. Qe7+ Kb8 43. Qe2 Ka7 44. Bf3 b5 45. Qe7+ Kb6 46. Qd6+
Ka5 47. Qc7+ Ka4 48. Qc2+ Ka5 49. b4+ Kb6 50. Qg6+ Ka7 51. Qf7+ Kb8 52. Qe8+
Ka7 53. Qd7+ Kb6 54. Qd6+ Ka7 55. Qc5+ Qxc5 56. bxc5 d4 57. h4 a5 58. Bd1 a4
59. Kg1 b4 60. axb4 a3 61. Bb3 d3 62. Kf1 d2 63. Ke2 1-0

[Event "X Torneo Leonardo di Bona B"]
[Site "Cutro ITA"]
[Date "2004.04.29"]
[Round "5"]
[White "Benintende, Vittorio"]
[Black "Macri', Giuseppe"]
[Result "1-0"]
[WhiteElo "1580"]
[BlackElo "1563"]
[PlyCount "135"]
[EventDate "2004.04.25"]

1. e4 e5 2. Nf3 Nc6 3. Bb5 d6 4. Nc3 Bd7 5. d4 exd4 6. Nxd4 Nge7 7. O-O a6 8.
Nxc6 Nxc6 9. Bc4 Ne5 10. Bb3 Be7 11. Bf4 Ng6 12. Qh5 O-O 13. Bg3 c6 14. Rad1
Be6 15. Rd3 Qd7 16. f4 Bg4 17. Qa5 Bd8 18. Qa3 Be7 19. f5 d5 20. Qa5 Bd8 21.
Qc5 Be7 22. Qb6 Bd8 23. Qe3 Ne7 24. f6 Nc8 25. fxg7 Bb6 26. Bxd5 Bxe3+ 27. Kh1
cxd5 28. Rxd5 Qxd5 29. gxf8=Q+ Kxf8 30. Nxd5 Ba7 31. Nc7 Rb8 32. Be5 Ne7 33. h3
Bd7 34. Rf6 Kg8 35. c3 Ng6 36. Bh2 Rd8 37. Rd6 Nf8 38. Rd2 Rc8 39. Nd5 Ng6 40.
Nf6+ Kg7 41. Nxd7 Rd8 42. Rd5 Re8 43. Ne5 Bf2 44. Ng4 Ba7 45. Bg1 Bxg1 46. Kxg1
Rxe4 47. Kf2 Re6 48. g3 h6 49. Ne3 Ne7 50. Nf5+ Nxf5 51. Rxf5 Rd6 52. Re5 f6
53. Re7+ Kg6 54. Rxb7 Rd3 55. Re7 h5 56. Re3 Rd5 57. h4 a5 58. b4 axb4 59. cxb4
Rd4 60. a3 Kf5 61. Rf3+ Kg4 62. Rf4+ Rxf4+ 63. gxf4 Kxf4 64. b5 Ke5 65. Kf3 Kd6
66. Kf4 Kc5 67. b6 Kxb6 68. Kf5 1-0

[Event "X Torneo Leonardo di Bona B"]
[Site "Cutro ITA"]
[Date "2004.04.29"]
[Round "5"]
[White "Di Mauro, Sebastiano"]
[Black "Guzzo, Giovanni"]
[Result "1-0"]
[WhiteElo "1802"]
[BlackElo "1756"]
[PlyCount "61"]
[EventDate "2004.04.25"]

1. e4 e5 2. f4 d5 3. exd5 exf4 4. Nf3 Qxd5 5. Nc3 Qe6+ 6. Be2 Be7 7. O-O Nf6 8.
d4 O-O 9. Bxf4 Bd6 10. Ng5 Qd7 11. Qd2 Bxf4 12. Qxf4 c6 13. Qh4 h6 14. Nf3 Qg4
15. Qf2 Ne4 16. Nxe4 Qxe4 17. Bd3 Qd5 18. c4 Qh5 19. Ne5 Be6 20. h4 g5 21. hxg5
hxg5 22. Ng6 Re8 23. Qf6 Nd7 24. Ne7+ Kf8 25. Qxe6 Rxe7 26. Qd6 Qh4 27. Rae1
Rae8 28. Bg6 Kg8 29. Bxf7+ Rxf7 30. Qg6+ Rg7 31. Rxe8+ 1-0

[Event "X Torneo Leonardo di Bona B"]
[Site "Cutro ITA"]
[Date "2004.04.29"]
[Round "5"]
[White "Forlano, Luigi"]
[Black "Procopio, Giuseppe"]
[Result "1-0"]
[WhiteElo "1924"]
[BlackElo "1559"]
[PlyCount "87"]
[EventDate "2004.04.25"]

1. e4 c5 2. Nf3 d6 3. d4 cxd4 4. Nxd4 e6 5. c4 Nc6 6. Be3 Nf6 7. f3 Be7 8. Nc3
O-O 9. Qd2 e5 10. Nc2 b6 11. Be2 Bb7 12. O-O Qc7 13. Rfd1 Rad8 14. Rac1 Rfe8
15. Nb5 Qb8 16. Bf2 a6 17. Nc3 Qc7 18. Nd5 Nxd5 19. cxd5 Na7 20. Nb4 Qb8 21.
Bxb6 Rc8 22. Qe3 Nb5 23. a4 Nd4 24. Bxd4 exd4 25. Qxd4 Bf6 26. Qd2 h6 27. a5
Qa7+ 28. Kf1 Bg5 29. f4 Bf6 30. Bf3 Rxc1 31. Rxc1 Bd8 32. Nc6 Qa8 33. Nxd8 Qxd8
34. b4 Ba8 35. Qd4 Qb8 36. Be2 Bb7 37. Bd3 f6 38. Qb6 Ba8 39. Bxa6 Qd8 40. Qxd8
Rxd8 41. Rc8 Rxc8 42. Bxc8 Kf8 43. a6 Ke8 44. Bb7 1-0

[Event "X Torneo Leonardo di Bona B"]
[Site "Cutro ITA"]
[Date "2004.04.29"]
[Round "5"]
[White "Frontera, Domenico"]
[Black "Anastasio, Giovanni"]
[Result "1-0"]
[WhiteElo "1575"]
[BlackElo "1640"]
[PlyCount "51"]
[EventDate "2004.04.25"]

1. e4 c6 2. d4 e6 3. e5 d6 4. Bd3 dxe5 5. dxe5 Nd7 6. Nf3 Qa5+ 7. Qd2 Qc7 8.
Qf4 g6 9. Qg3 Bg7 10. Bf4 Ne7 11. O-O Nd5 12. Re1 Qb6 13. b3 Nc5 14. Na3 Qc7
15. Nc4 O-O 16. Nd6 Nb4 17. Ng5 Ncxd3 18. cxd3 Nc2 19. Qh3 h6 20. Nge4 f5 21.
exf6 Bxf6 22. Nxf6+ Rxf6 23. Be5 Rf8 24. Nxc8 Qf7 25. Qxh6 Qh7 26. Ne7+ 1-0

[Event "X Torneo Leonardo di Bona B"]
[Site "Cutro ITA"]
[Date "2004.04.29"]
[Round "5"]
[White "Frontera, Giuseppe"]
[Black "Olivo, Paolo"]
[Result "0-1"]
[WhiteElo "1835"]
[BlackElo "1649"]
[PlyCount "79"]
[EventDate "2004.04.25"]

1. e4 c6 2. d4 d5 3. Nd2 dxe4 4. Nxe4 Bf5 5. Ng3 Bg6 6. Nf3 Nd7 7. Bd3 Bxd3 8.
Qxd3 Ngf6 9. O-O e6 10. Bg5 h6 11. Bd2 Bd6 12. Rad1 Qb6 13. Bc1 O-O-O 14. c4
Qc7 15. a3 g5 16. c5 Bxg3 17. fxg3 Nxc5 18. Qc2 Ncd7 19. b4 Nd5 20. Qb3 Qb6 21.
Kh1 f5 22. Rfe1 Rde8 23. Bb2 g4 24. Nd2 h5 25. Rc1 a6 26. Nc4 Qc7 27. Ne5 Nxe5
28. Rxe5 h4 29. gxh4 Rxh4 30. g3 Rh3 31. Qd1 Qh7 32. Rc2 Kd7 33. Bc1 Rh8 34.
Qg1 Nc3 35. Bf4 Nd5 36. Bc1 Nf6 37. Ree2 Nh5 38. Rc3 f4 39. Rg2 Nxg3+ 40. Rgxg3
0-1

[Event "X Torneo Leonardo di Bona B"]
[Site "Cutro ITA"]
[Date "2004.04.29"]
[Round "5"]
[White "Liistro, Giovanni Carlo"]
[Black "Meli, Massimo"]
[Result "1/2-1/2"]
[WhiteElo "1718"]
[BlackElo "1829"]
[PlyCount "153"]
[EventDate "2004.04.25"]

1. e4 e5 2. Nf3 Nc6 3. Bb5 a6 4. Ba4 Bc5 5. O-O d6 6. c3 b5 7. Bb3 Be6 8. d3
Nf6 9. Bg5 h6 10. Be3 Bxe3 11. fxe3 Na5 12. Bc2 Ng4 13. Qe1 c5 14. Nbd2 Nc6 15.
d4 cxd4 16. exd4 exd4 17. Nxd4 Nxd4 18. cxd4 Qb6 19. Nb3 Bxb3 20. Bxb3 Qxd4+
21. Kh1 O-O 22. Qe2 Nf6 23. Rf4 Rae8 24. Rd1 Qe5 25. Rdf1 d5 26. Qf2 Nxe4 27.
Qa7 Nd2 28. Rf5 Qxf5 29. Rxf5 Re1+ 30. Qg1 Rxg1+ 31. Kxg1 Nxb3 32. axb3 Rd8 33.
Kf2 f6 34. Ke3 Kf7 35. Kd4 Ke6 36. Rf3 Kd6 37. Rg3 Rd7 38. Re3 Kc7 39. Re6 Rd6
40. Re7+ Rd7 41. Re6 Kb7 42. b4 Ka7 43. b3 Kb7 44. g4 Ka7 45. h4 Kb7 46. h5 Ka7
47. Rc6 Kb7 48. Rc5 g6 49. Rxd5 Rg7 50. Rd6 gxh5 51. gxh5 Rg4+ 52. Kc3 Rg3+ 53.
Kc2 Rh3 54. Rxf6 Rxh5 55. Rf7+ Kc6 56. Rf6+ Kd5 57. Rxa6 Rh2+ 58. Kd3 Rh3+ 59.
Kc2 Kd4 60. Rc6 Rh2+ 61. Kd1 Rh5 62. Kd2 Ke4 63. Rc5 Rg5 64. Ke2 Kd4 65. Rc8 h5
66. Kd2 h4 67. Rh8 Rg2+ 68. Ke1 Kc3 69. Rxh4 Kxb3 70. Kf1 Rc2 71. Ke1 Ka3 72.
Kd1 Rb2 73. Kc1 Rxb4 74. Rxb4 Kxb4 75. Kb2 Kc4 76. Kc2 Kb4 77. Kb2 1/2-1/2

[Event "X Torneo Leonardo di Bona B"]
[Site "Cutro ITA"]
[Date "2004.04.29"]
[Round "5"]
[White "Longo, Giuseppe"]
[Black "Todic, Simo"]
[Result "0-1"]
[WhiteElo "1619"]
[BlackElo "1811"]
[PlyCount "60"]
[EventDate "2004.04.25"]

1. d4 Nf6 2. Nf3 d5 3. e3 c5 4. c3 Nc6 5. dxc5 e5 6. Bb5 Bg4 7. Qa4 Bd7 8. Bxc6
Bxc6 9. Qc2 Qc7 10. Nbd2 Bxc5 11. Qf5 Bd6 12. Qc2 O-O 13. O-O e4 14. Nd4 Bxh2+
15. Kh1 Qe5 16. N4f3 Qh5 17. Qd1 Bd6+ 18. Kg1 exf3 19. Nxf3 d4 20. Re1 Bxf3 21.
Qxf3 Qxf3 22. gxf3 dxc3 23. bxc3 Be5 24. Bb2 Rac8 25. Rac1 Nd5 26. f4 Bxc3 27.
Bxc3 Rxc3 28. Rb1 b6 29. Red1 Rc5 30. a4 Nc3 0-1

[Event "X Torneo Leonardo di Bona B"]
[Site "Cutro ITA"]
[Date "2004.04.29"]
[Round "5"]
[White "Morelli, Gaetano"]
[Black "Rotunno, Giuseppe"]
[Result "1-0"]
[WhiteElo "1816"]
[BlackElo "1946"]
[PlyCount "83"]
[EventDate "2004.04.25"]

1. e4 c5 2. Nf3 Nc6 3. d4 cxd4 4. Nxd4 d6 5. c4 Nf6 6. f3 Qb6 7. Nb3 a5 8. a4
e6 9. Nc3 Be7 10. Nb5 O-O 11. Bd3 Ne5 12. Qe2 d5 13. Be3 Nxd3+ 14. Qxd3 Bb4+
15. Kf2 Qd8 16. Rhd1 Nd7 17. cxd5 Qh4+ 18. Kg1 Ne5 19. Qe2 f5 20. Bc5 Rf6 21.
Bd4 Rh6 22. Bxe5 f4 23. g3 Rg6 24. Qg2 Qh5 25. Bxf4 e5 26. g4 Bxg4 27. fxg4
Rxg4 28. Bg3 Qg6 29. Rd3 h5 30. h3 Rg5 31. h4 Rg4 32. Rf1 Be7 33. Kh2 Bxh4 34.
Rf5 Bg5 35. Qh3 Bf4 36. Bxf4 exf4 37. Rxh5 Kf7 38. Nd6+ Ke7 39. Nf5+ Kd7 40.
Nc5+ Kc7 41. d6+ Kc6 42. Ne7+ 1-0

[Event "X Torneo Leonardo di Bona B"]
[Site "Cutro ITA"]
[Date "2004.04.29"]
[Round "5"]
[White "Paragliola, Gennaro"]
[Black "Virelli, Salvatore"]
[Result "1-0"]
[WhiteElo "1643"]
[BlackElo "1440"]
[PlyCount "59"]
[EventDate "2004.04.25"]

1. d4 Nf6 2. c4 g6 3. Nc3 d5 4. Bg5 Bg7 5. e3 c6 6. Nf3 Bg4 7. h3 Bxf3 8. Qxf3
O-O 9. Bd3 a6 10. O-O b5 11. Bxf6 Bxf6 12. cxd5 b4 13. Ne4 Bg7 14. dxc6 Nxc6
15. Bc4 e6 16. Rac1 Qb6 17. Nc5 Rfd8 18. Rc2 Bxd4 19. Nxe6 Re8 20. Nxd4 Nxd4
21. exd4 Ra7 22. d5 Kg7 23. Qd3 Qd6 24. Qd4+ Qe5 25. Qxa7 Qe4 26. Bb3 Qd3 27.
d6 Qf5 28. Qd4+ f6 29. Qd5 Qd7 30. Rc7 1-0

[Event "X Torneo Leonardo di Bona B"]
[Site "Cutro ITA"]
[Date "2004.04.29"]
[Round "5"]
[White "Parrotta, Daniele"]
[Black "Ielapi, Vito"]
[Result "1-0"]
[WhiteElo "1976"]
[BlackElo "1842"]
[PlyCount "51"]
[EventDate "2004.04.25"]

1. d4 Nf6 2. Bg5 d5 3. Bxf6 gxf6 4. c4 e5 5. e3 Bb4+ 6. Nc3 c5 7. cxd5 Qxd5 8.
Qa4+ Bd7 9. Qxb4 Qe6 10. Qxc5 exd4 11. Qxd4 Nc6 12. Qe4 Ne5 13. f4 Bc6 14. Bb5
Bxb5 15. Nxb5 Qb6 16. fxe5 Qxb5 17. exf6+ Kf8 18. Qe7+ Kg8 19. Qe4 h5 20. Qf4
Kh7 21. O-O-O Rhg8 22. Qf3 Rg4 23. Ne2 Rb4 24. Rd5 Rc8+ 25. Kd1 Qc4 26. Qxh5+
1-0

[Event "X Torneo Leonardo di Bona B"]
[Site "Cutro ITA"]
[Date "2004.04.29"]
[Round "5"]
[White "Zavaglia, Giuseppe"]
[Black "Catapano, Francesco"]
[Result "1-0"]
[WhiteElo "1700"]
[BlackElo "1805"]
[PlyCount "51"]
[EventDate "2004.04.25"]

1. e4 e6 2. d4 c5 3. Nf3 cxd4 4. Nxd4 Bc5 5. Nb3 Bb6 6. Be2 Qh4 7. O-O Qxe4 8.
Nc3 Qe5 9. Nb5 Bc7 10. f4 Bb6+ 11. Kh1 Qf6 12. Nd6+ Kd8 13. f5 e5 14. Bg5 Qxg5
15. Nxf7+ Ke7 16. Nxg5 Nf6 17. Bd3 d5 18. Qe1 Nc6 19. Bb5 e4 20. Bxc6 bxc6 21.
Qb4+ Kd7 22. Nc5+ Kc7 23. a4 Bxc5 24. Qxc5 Re8 25. Nf7 Bd7 26. Qa5+ 1-0